Autocad pocket reference / (Record no. 37809)

MARC details
000 -LEADER
fixed length control field 00706nam a22001937a 4500
005 - DATE AND TIME OF LATEST TRANSACTION
control field 20100726163021.0
010 ## - LCCN (DPL NO)
LC control number ENG-96832
020 ## - INTERNATIONAL STANDARD BOOK NUMBER
International Standard Book Number 9788183333665
Terms of availability 99.00
035 ## - SYSTEM CONTROL NUMBER
System control number EN-80365
037 ## - SOURCE OF ACQUISITION
Source of stock number/acquisition DBAD/PUB
082 ## - DEWEY DECIMAL CLASSIFICATION NUMBER
Classification number 620.00420285536
100 ## - MAIN ENTRY--PERSONAL NAME
Personal name Shrock, Cheryl R
245 ## - TITLE STATEMENT
Title Autocad pocket reference /
Statement of responsibility, etc by Cheryl R. Shrock
260 ## - PUBLICATION, DISTRIBUTION, ETC. (IMPRINT)
Place of publication, distribution, etc New Delhi
Name of publisher, distributor, etc BPB publications
Date of publication, distribution, etc 2010
270 ## - ADDRESS
Address B-14 Connaught place
City New Delhi
Postal code 110001
300 ## - PHYSICAL DESCRIPTION
Extent x, various pagings
Dimensions 17 cm. (pbk)
942 ## - ADDED ENTRY ELEMENTS (KOHA)
Source of classification or shelving scheme Dewey Decimal Classification
Item type English Books
Classification part 620.00420285536
Call number suffix SHR
Holdings
Withdrawn status Lost status Not for loan Collection code Home library Current library Date acquired Source of acquisition Cost, normal purchase price Full call number Barcode Copy number Cost, replacement price Koha item type
    Not For Loan Non-fiction D.B.Act.Division D.B.Act.Division 26/07/2010 DBAD/PUB 99.00 620.00420285536 SHR EN-80365 1 99.00 English Books

© Delhi Public Library
Hit Counter
free hit counter